Jednotkovo viazané poistné produkty

Na minha lista:
Detalhes bibliográficos
Autor principal: Sakálová, Katarína, 1955-
Outros Autores: Ondrejková Krčová, Ingrid, 1969-
Formato: Capítulo de Livro
Idioma:eslovaco
Tags: Adicionar Tag
Sem tags, seja o primeiro a adicionar uma tag!

MARC

LEADER 00000naa$a2200000$$$4500
001 0098316
005 20240502072103.4
041 0 |a slo 
044 |a SK 
245 1 0 |a Jednotkovo viazané poistné produkty  |c Katarína Sakálová, Ingrid Krčová 
500 |a Abstrakt 
100 1 |a Sakálová, Katarína, 1955- 
700 1 |a Ondrejková Krčová, Ingrid, 1969-